| 000 | 00462nam a2200169Ia 4500 | ||
|---|---|---|---|
| 003 | LK-CoDNM | ||
| 005 | 20240801100918.0 | ||
| 008 | 010623t1932 xxu||||| |||| 00| 1 eng d | ||
| 040 |
_aLK-CoDNM _dLK-CoDNM _eLK-CoDNM |
||
| 041 | _aeng | ||
| 080 |
_a8 _bO11 |
||
| 100 | _aTaraporewala,Irach Jehangir Sorabji. | ||
| 245 | _aElements of the Science of Language | ||
| 260 |
_bUniversity of Calcutta _c1932 |
||
| 300 | _bxxix, 484p. : map ; 21 cm | ||
| 942 | _cBK | ||
| 999 |
_c96121 _d96121 |
||